| 000 -LEADER |
| fixed length control field |
00932cam a2200265 a 4500 |
| 003 - CONTROL NUMBER IDENTIFIER |
| control field |
OSt |
| 005 - DATE AND TIME OF LATEST TRANSACTION |
| control field |
20200316114949.0 |
| 008 - FIXED-LENGTH DATA ELEMENTS--GENERAL INFORMATION |
| fixed length control field |
070518s2008 caua b 001 0 eng |
| 020 ## - INTERNATIONAL STANDARD BOOK NUMBER |
| International Standard Book Number |
9781412919920 (hbk.) |
| 040 ## - CATALOGING SOURCE |
| Original cataloging agency |
UKM |
| Transcribing agency |
UKM |
| Modifying agency |
YDXCP |
| -- |
BAKER |
| -- |
BTCTA |
| -- |
NLGGC |
| -- |
BWK |
| -- |
PIT |
| -- |
DLC |
| 050 00 - LIBRARY OF CONGRESS CALL NUMBER |
| Classification number |
H62 |
| Item number |
.S2758 2008 |
| 082 04 - DEWEY DECIMAL CLASSIFICATION NUMBER |
| Classification number |
307.2 |
| Edition number |
22 |
| Item number |
PER |
| 245 04 - TITLE STATEMENT |
| Title |
The SAGE handbook of social research methods / |
| Statement of responsibility, etc |
edited by Pertti Alasuutari, Leonard Bickman, Julia Brannen. |
| 246 30 - VARYING FORM OF TITLE |
| Title proper/short title |
Handbook of social research methods |
| 246 30 - VARYING FORM OF TITLE |
| Title proper/short title |
Social research methods |
| 260 ## - PUBLICATION, DISTRIBUTION, ETC. (IMPRINT) |
| Place of publication, distribution, etc |
Los Angeles : |
| Name of publisher, distributor, etc |
SAGE, |
| Date of publication, distribution, etc |
2008. |
| 300 ## - PHYSICAL DESCRIPTION |
| Extent |
xvi, 631 p. : |
| Other physical details |
ill. ; |
| Dimensions |
26 cm. |
| 504 ## - BIBLIOGRAPHY, ETC. NOTE |
| Bibliography, etc |
Includes bibliographical references and index. |
| 650 #0 - SUBJECT ADDED ENTRY--TOPICAL TERM |
| Topical term or geographic name as entry element |
Social sciences |
| General subdivision |
Research |
| -- |
Methodology. |
| 700 1# - ADDED ENTRY--PERSONAL NAME |
| Personal name |
Alasuutari, Pertti. |
| 700 1# - ADDED ENTRY--PERSONAL NAME |
| Personal name |
Bickman, Leonard, |
| Dates associated with a name |
1941- |
| 700 1# - ADDED ENTRY--PERSONAL NAME |
| Personal name |
Brannen, Julia. |
| 906 ## - LOCAL DATA ELEMENT F, LDF (RLIN) |
| a |
7 |
| b |
cbc |
| c |
copycat |
| d |
2 |
| e |
ncip |
| f |
20 |
| g |
y-gencatlg |
| 942 ## - ADDED ENTRY ELEMENTS (KOHA) |
| Source of classification or shelving scheme |
|